Totally bizarre! : exploring the world of unsolved ... Read More
Available copies
- 1 of 1 copy available at LARL/NWRL Consortium.
Current holds
0 current holds with 1 total copy.
Show Only Available Copies
| Location | Call Number / Copy Notes | Barcode | Shelving Location | Status | Due Date |
|---|---|---|---|---|---|
| Thief River Falls Public Library | j 001.94 BLA (Text) | 35500005883929 | Main | Available | - |
Record details
- ISBN: 1588650928
- ISBN: 9781588650924
- Physical Description: 1 volume (unpaged) : color illustrations ; 21 cm
- Publisher: New York, NY : Kidsbooks, ©2002.
Content descriptions
| General Note: | Book in the shape of a pyramid. |
| Summary, etc.: | Explores unsolved mysteries such as UFOs, ... Read More |
Search for related items by subject
| Subject: | Curiosities and wonders. Curiosities and wonders. |
| LDR | 01022cam a2200289Ia 4500 | ||
|---|---|---|---|
| 001 | 258634 | ||
| 003 | LARL_NWRL_CONSORTIUM | ||
| 005 | 20170622121546.0 | ||
| 008 | 021213s2002 nyua 000 0 eng d | ||
| 040 | . | ‡aXWS ‡beng ‡cXWS ‡dOCLCF ‡dOCLCO ‡dOCLCQ ‡dNRG | |
| 020 | . | ‡a1588650928 ‡q(pbk.) | |
| 020 | . | ‡a9781588650924 ‡q(pbk.) | |
| 035 | . | ‡a(OCoLC)51216913 | |
| 082 | 4. | ‡a001.94 ‡bB | |
| 049 | . | ‡aNRGA | |
| 100 | 1 | . | ‡aBland, Celia. ‡0(LARL_NWRL_CONSORTIUM)224197 |
| 245 | 1 | 0. | ‡aTotally bizarre! : ‡bexploring the world of unsolved mysteries / ‡cby Celia Bland. |
| 260 | . | ‡aNew York, NY : ‡bKidsbooks, ‡c©2002. | |
| 300 | . | ‡a1 volume (unpaged) : ‡bcolor illustrations ; ‡c21 cm | |
| 336 | . | ‡atext ‡btxt ‡2rdacontent | |
| 337 | . | ‡aunmediated ‡bn ‡2rdamedia | |
| 338 | . | ‡avolume ‡bnc ‡2rdacarrier | |
| 500 | . | ‡aBook in the shape of a pyramid. | |
| 520 | . | ‡aExplores unsolved mysteries such as UFOs, extraterrestrial beings, mythical creatures, and crop circles. | |
| 650 | 0. | ‡aCuriosities and wonders. ‡0(LARL_NWRL_CONSORTIUM)18135 | |
| 650 | 7. | ‡aCuriosities and wonders. ‡2fast ‡0(LARL_NWRL_CONSORTIUM)18135 | |
| 905 | . | ‡ubacont | |
| 901 | . | ‡a258634 ‡b ‡c258634 ‡tbiblio ‡soclc | |

Add to basket
Permalink
Disable Highlighting